| 000 | 00846 a2200217 4500 | ||
|---|---|---|---|
| 003 | Nust | ||
| 005 | 20170207154042.0 | ||
| 010 | _a 2004012166 | ||
| 020 | _a0321213351 | ||
| 040 | _cNust | ||
| 082 | 0 | 0 | _a005.16 |
| 100 | 1 | _aKerievsky, Joshua. | |
| 245 | 1 | 0 |
_aRefactoring to patterns -(E-BOOK) _cJoshua Kerievsky. |
| 260 |
_aBoston : _bAddison-Wesley, _cc2005. |
||
| 300 |
_axxvi, 367 p. : _bill. ; _c24 cm. |
||
| 440 | 0 | _aAddison-Wesley signature series | |
| 505 | _aChapter 1. Why I Wrote This Book Chapter 2. Refactoring Chapter 3. Patterns Chapter 4. Code Smells Chapter 5. A Catalog of Refactoring to Patterns Chapter 6. Creation Chapter 7. Simplification Chapter 8. Generalization Chapter 9. Protection Chapter 10. Accumulation Chapter 11. Utilities | ||
| 650 | 0 | _aSoftware patterns. | |
| 650 | 0 | _aSoftware refactoring. | |
| 651 | _aE-BOOK | ||
| 942 |
_2ddc _cBK |
||
| 999 |
_c192692 _d192692 |
||